| 000 | 00723nam a22002057a 4500 | ||
|---|---|---|---|
| 001 | T027600006250 | ||
| 008 | 181111b xve|||||r|||| 00| | esp d | ||
| 099 |
_aIVP-D-02792 _b |
||
| 100 | _aOficina Central de Coordinación y Planificación de la Presidencia de la República (CORDIPLAN). | ||
| 245 | _aGestión en Gobernaciones. Problemas y Soluciones. Un concepto de planificación-gestión para gobernaciones de estado. | ||
| 260 | _a | ||
| 500 | _aFotocopiado | ||
| 650 | _aGobierno Federal--Planeación | ||
| 650 | _aGobierno Federal--Administración. | ||
| 650 | _aVenezuela | ||
| 650 | _aEspañol | ||
| 700 |
_aPrograma de las Naciones para el Desarrollo (PNUD). _e |
||
| 700 |
_aCORDIPLAN _e |
||
| 942 | _cLIB | ||
| 999 |
_c7382 _d7382 |
||